000 00313nam a22001337a 4500
008 170526b xxu||||| |||| 00| 0 eng d
020 _a9783772394416
041 _ager
080 _a621.38
100 _a27
101 _aIM
245 _aMIKROPROZESSOREN IN DER MEB-UND REGELTECHNIK
_cLEDIG,G
942 _2udc
_cBK
999 _c14534
_d14534